Drapeau Océanie - Statistiques

Statistiques générales
  • Ce quiz a été pris 223 fois
  • Le résultat moyen est 12 sur 14
Statistiques - réponses
Par images Réponse % Correct
Nouvelle-zélande
100%
Australie
98%
fidji
92%
Palaos
90%
Papouasie-Nouvelle-Guinée
88%
Kiribati
87%
Tonga
86%
Micronésie
85%
Iles Marshall
84%
Samoa
84%
Nauru
81%
Vanuatu
80%
Tuvalu
79%
Salomon
75%
Aucun quiz correspondant
Distribution des résultats
% des personnes avec chaque résultat
Percentile par nombre de réponses
Votre historique - résultats
Vous n’avez pas pris ce quiz